000
00289nam a2200109Ia 4500
008
200302s9999 xx 000 0 und d
100
_a
N. Krishna Raju
245
_a
Prestressed Concrete Bridges
260
_b
C BC Publishers and Distributors Pvt., Ltd.,
260
_c
2010
300
_a
363 P.,
999
_c
3854
_d
3854